| 000 | 02129cam a22004694i 4500 | ||
|---|---|---|---|
| 003 | PE-LiUPU | ||
| 005 | 20250731183358.0 | ||
| 008 | 150623s1988 dcua rb 000 0 eng d | ||
| 020 | _a0828004250 | ||
| 035 | _a(Sirsi) i9780828004251 | ||
| 040 |
_aPE-LiUPU _bspa _cPE-LiUPU _erda |
||
| 049 | _aPRUA | ||
| 050 | 0 | 0 |
_aBV375 _b.H66 1988 |
| 082 | 0 | 4 |
_a264.2306732092 _bH74 _221 |
| 100 | 1 |
_aHooper, Wayne, _eautor. |
|
| 245 | 1 | 0 |
_aCompanion to the seventh-day adventist hymnal / _cWayne Hooper y Edward E. White. |
| 264 | 1 |
_aHagerstown, MD : _bReview and Herald publishing association, _c1988. |
|
| 300 |
_a701 páginas : _bilustraciones ; _c24 centímetros |
||
| 336 |
_atext _2rdacontent |
||
| 337 |
_aunmediated _2rdamedia |
||
| 338 |
_avolume _2rdacarrier |
||
| 504 | _aIncluye bibliografía. | ||
| 505 | 0 | _aSeventh-day adventist hymnody. -Commentaries on hymns. -Biographies. -Seventh-day adventist authors and composers. | |
| 526 | _aP158 | ||
| 526 | _aP146 | ||
| 526 | _aP17 | ||
| 526 | _aP12 | ||
| 526 | _aP06 | ||
| 541 | _g005-003288; | ||
| 610 | 2 |
_aIASD _xHimnos _vHistoria y crítica. |
|
| 650 | 0 | 4 |
_aAdventistas del séptimo día _xHimnos _vHistoria y crítica. |
| 650 | 0 | 4 |
_aEscritores de himnos _vBiografías. |
| 700 | 1 |
_aWhite, Edward E., _eautor. |
|
| 942 |
_2ddc _cBOOK |
||
| 949 |
_a783.9 H74 _wDEWEY _c1 _i58704 _lCIA _mBWL _p20.00 _r1 _sY _tBOOK _u2015-6-24 _xWHITE _zUNKNOWN _0COMPRA _o.STAFF. Colección Teología |
||
| 949 |
_a783.9 H74 _wDEWEY _c2 _i43704 _d2016-10-5 _e2016-10-5 _f2017-2-15 _g1 _lCCODEBUL1 _mBUL _n1 _r0 _sY _tBOOK _u2015-6-24 _xTEOLOGIA _PP35 _0COMPRA _o.STAFF. Colección Teología |
||
| 994 |
_aC0 _bPEPRU |
||
| 596 | _a1 4 | ||
| 999 |
_a783.9 H74 _wDEWEY _c20106 _i43704 _d20106 _e2022-5-4 _f2021-11-11 _g5 _lCCODEBUL1 _mBUL _n3 _p20.00 _r0 _sY _tBOOK _u2015-6-24 _xTEOLOGIA _PP35 _0COMPRA _o.STAFF. Colección Teología |
||
| 999 |
_a264.2306732092 H74 _wDEWEY _c1 _iCW58704 _f2021-12-22 _g2 _lCCODECWL1 _mBWL _p30.00 _r1 _sY _tBOOK _u2015-6-24 _xWHITE _zUNKNOWN _0COMPRA _o.STAFF. Centro White |
||
| 980 |
_81 _gALBERTO SANCHEZ Responsable de Automatización |
||